| 000 | 00469nam a2200169Ia 4500 | ||
|---|---|---|---|
| 999 |
_c32100 _d32100 |
||
| 003 | OSt | ||
| 005 | 20200728110338.0 | ||
| 008 | 190216s9999||||xx |||||||||||||| ||und|| | ||
| 040 | _coclc | ||
| 082 |
_a510.7 _bMAN/M |
||
| 100 |
_aManocha, Rajeev _93817 |
||
| 245 | 0 |
_aMathematics Olympiad / _cRajeev Manocha |
|
| 260 |
_bArihant Prakashan, _aMeerut: |
||
| 300 | _a498p | ||
| 650 | _aMathematics | ||
| 942 |
_cBK _2ddc _h510.7 _iMAN/M _k510.7 _mMAN/M |
||